Estatísticas para Países mais próximos de Iêmen - um minuto corrida

Clique aqui para jogar o quiz

Estatísticas Gerais

  • Esse quiz foi jogado 43 vezes
  • A pontuação média é 14 de 20

Estatísticas das Respostas

kmpaís% Correto
0Arábia Saudita
94%
0Omã
94%
839Egito
88%
858Irão
85%
29Eritreia
82%
133Somália
82%
442Emirados
Árabes Unidos
79%
1493Jordânia
79%
615Catar
76%
1212Iraque
76%
109Etiópia
70%
20Djibouti
67%
1106Kuweit
67%
480Sudão
64%
771Bahrein
61%
1070Sudão do Sul
61%
985Quênia
52%
1206Paquistão
39%
1504Afeganistão
36%
1397Uganda
24%

Distribuição das Pontuações

Percentil de Números Respondidos

Porcentagem de Pessoas com Cada Pontuação

Sua Pontuação Histórica

Você não jogou esse quiz